شرح رسالة أصول الحديث / (رقم التسجيلة. 136733)

تفاصيل مارك
000 -الفاتح
عناصر البيانات ثابتة الطول 00812cam a2200205 i 4500
005 - تاريخ ووقت آخر معاملة
حقل ضبط 20251201091346.0
008 - عناصر البيانات ثابتة الطول
عناصر البيانات ثابتة الطول 250721s2016 jo gr 000 0 ara d
020 ## - الترقيم الدولي المعياري للكتب (ردمك)
الترقيم الدولي المعياري للكتب (ردمك) 9789957566968
082 14 - رقم تصنيف ديوي العشري
رقم التصنيف 213
رقم المادة ق ا ر
100 1# - مدخل رئيسي – اسم شخصي
الاسم الشخصي القارصي، داود بن محمد
علاقة الشخص بالعمل/ دوره مؤلف.
245 10 - بيان العنوان
العنوان شرح رسالة أصول الحديث /
بيان المسؤولية تصنيف الشيخ داود بن محمد القارصي ؛ تحقيق الدكتور ابراهيم قوتلاي.
250 ## - بيان الطبعة
بيان الطبعة الطبعة الأولى.
264 31 - بيانات النشر، التوزيع…إلخ
مكان النشر، التوزيع...إلخ عمان :
اسم الناشر، الموزع...إلخ أروقة للدراسات والنشر،
تاريخ النشر، التوزيع...إلخ 2016.
300 ## - الوصف المادي
عدد الوحدات المكونة للوعاء 216 صفحة.
650 17 - مدخل إضافي بالموضوع - مصطلح موضوعي
مصطلح موضوعي أو اسم جغرافي كعنصر مدخل الحديث الشريف.
650 17 - مدخل إضافي بالموضوع - مصطلح موضوعي
مصطلح موضوعي أو اسم جغرافي كعنصر مدخل علوم الحديث.
700 1# - مدخل إضافي - اسم شخصي
الاسم الشخصي قوتلاي، خليل ابراهيم
علاقة الشخص بالعمل/ دوره محقق.
942 ## - بيانات إضافية (كوها)
نوع التنصيف Dewey Decimal Classification
نوع المادة (كوها) كتب
المقتنيات
حالة السحب حالة الفقدان مصدر التصنيف حالة التلف غير قابل للإعارة المكتبة الرئيسية المكتبة الحالية موقع الرف تاريخ التزويد الرقم المتسلسل Total Checkouts رقم الإستدعاء الباركود تاريخ آخر ظهور تاريخ الفاتورة نوع المادة (كوها)
    Dewey Decimal Classification     المكتبة المركزية المكتبة المركزية الإعارة 28/07/2025 1672612   213 / ق ا ر PLD00411368 28/07/2025 28/07/2025 كتب
    Dewey Decimal Classification     مكتبة أم قصير والمقابلين العامة مكتبة أم قصير والمقابلين العامة الإعارة 04/12/2017 1672613   213/قار PLD00412621 28/07/2025 04/12/2017 كتب
    Dewey Decimal Classification     مكتبة الاميرة بديعة مكتبة الاميرة بديعة الإعارة 04/12/2017 1672616   213/قار PLD00412624 28/07/2025 04/12/2017 كتب
    Dewey Decimal Classification     مكتبة الجويدة مكتبة الجويدة الإعارة 04/12/2017 1672614   213/قار PLD00412622 28/07/2025 04/12/2017 كتب
    Dewey Decimal Classification     مكتبة بيت السينما مكتبة بيت السينما الإعارة 02/10/2018 1689716   213/قار PLD00435059 28/07/2025 02/10/2018 كتب
Implemented & Customized by: BBB with SCIT (Smart Chains for Information Technology)

Powered by Koha